Normal view
MARC view
Entry Topical Term
001 - CONTROL NUMBER
- control field: 262939
003 - CONTROL NUMBER IDENTIFIER
- control field: OSt
005 - DATE AND TIME OF LATEST TRANSACTION
- control field: 20260428091932.0
008 - FIXED-LENGTH DATA ELEMENTS
- fixed length control field: 260428|| aca||aabn | a|a d
040 ## - CATALOGING SOURCE
- Original cataloging agency: OSt
- Transcribing agency: OSt
150 ## - HEADING--TOPICAL TERM
- Topical term or geographic name entry element: Orchard Crops
670 ## - SOURCE DATA FOUND
- Source citation: Work cat.: (OSt)92774: KULAMARVA KRASHNASHARMA. ಕುಳಮರ್ವ ಕೃಷ್ಣಶರ್ಮ 262937, Kalpatarurahasya., 1988